00634nam a22002297a 4500003000500000005001700005008004100022010001000063011001000073035001000083040000900093082001600102100002200118245005500140260003000195300002000225490004400245650002400289650002300313700002400336830004400360CHAP20220329140417.0971013s1976 us a r 00010 eng d a51582 a52554 a56704 cCHAP04a581.192bW300aWallace, James W.1 aBiochemical interaction between plants and insects aNew York :bPlenum,c1976 a425 p.b: ilus. aRecent advances in phytochemistryv; 1014aPlantas e insectos.14aQuímica vegetal.0 aMansell, Richard L.0 aRecent advances in phytochemistryv; 10